<?xml version="1.0" encoding="UTF-8"?>
<record
    xmlns:xsi="http://www.w3.org/2001/XMLSchema-instance"
    xsi:schemaLocation="http://www.loc.gov/MARC21/slim http://www.loc.gov/standards/marcxml/schema/MARC21slim.xsd"
    xmlns="http://www.loc.gov/MARC21/slim">

  <leader>02135nam a2200241 a 4500</leader>
  <controlfield tag="001">000000255</controlfield>
  <controlfield tag="003">OSt</controlfield>
  <controlfield tag="005">20210507143540.0</controlfield>
  <controlfield tag="008">081212s     1995    dr       000 0 spa d</controlfield>
  <datafield tag="040" ind1=" " ind2=" ">
    <subfield code="a">DO-SdBNP</subfield>
    <subfield code="b">spa</subfield>
    <subfield code="c">BNPHU</subfield>
  </datafield>
  <datafield tag="082" ind1=" " ind2="4">
    <subfield code="a">174.3</subfield>
    <subfield code="b">C577f</subfield>
    <subfield code="2">00</subfield>
  </datafield>
  <datafield tag="100" ind1="1" ind2=" ">
    <subfield code="a">Cipri&#xE1;n, Rafael,</subfield>
    <subfield code="d">1959-</subfield>
    <subfield code="9">839</subfield>
  </datafield>
  <datafield tag="245" ind1="1" ind2="3">
    <subfield code="a">La funci&#xF3;n del abogado /</subfield>
    <subfield code="c">Rafael Cipri&#xE1;n.</subfield>
  </datafield>
  <datafield tag="260" ind1=" " ind2=" ">
    <subfield code="a">Santo Domingo :</subfield>
    <subfield code="b">Alfa &amp; Omega,</subfield>
    <subfield code="c">1995.</subfield>
  </datafield>
  <datafield tag="300" ind1=" " ind2=" ">
    <subfield code="a">164 p. ;</subfield>
    <subfield code="c">21 cm.</subfield>
  </datafield>
  <datafield tag="500" ind1=" " ind2=" ">
    <subfield code="a">Incluye datos biograf&#xED;cos del autor en la solapa de la portada.</subfield>
  </datafield>
  <datafield tag="505" ind1="0" ind2=" ">
    <subfield code="t">Una explicaci&#xF3;n necesaria --</subfield>
    <subfield code="t">Abogados y abogados --</subfield>
    <subfield code="t">Pobre de los abogados --</subfield>
    <subfield code="t">&#xBF;Corsarios o abogados? --</subfield>
    <subfield code="t">Abogados en quiebra --</subfield>
    <subfield code="t">Abogados gana pan --</subfield>
    <subfield code="t">Ineficacia judicial --</subfield>
    <subfield code="t">Intolerancias --</subfield>
    <subfield code="t">Juzguemos a los jueces --</subfield>
    <subfield code="t">Corruptos: &#xBF;abogados o jueces? --</subfield>
    <subfield code="t">Abogados y conflictos --</subfield>
    <subfield code="t">Abogados vergonzantes --</subfield>
    <subfield code="t">Abogados perversos --</subfield>
    <subfield code="t">Crisis y abogados --</subfield>
    <subfield code="t">Las opciones del abogado --</subfield>
    <subfield code="t">Confusi&#xF3;n y abogados --</subfield>
    <subfield code="t">Abogados o notarios --</subfield>
    <subfield code="t">Abogados comejenes --</subfield>
    <subfield code="t">Abogados a granel --</subfield>
    <subfield code="t">La funci&#xF3;n del notario --</subfield>
    <subfield code="t">Derecho y moral --</subfield>
    <subfield code="t">Corrupci&#xF3;n judicial --</subfield>
    <subfield code="t">Abogados y sociedad --</subfield>
    <subfield code="t">La pena de muerte --</subfield>
    <subfield code="t">La ley Torricelli --</subfield>
    <subfield code="t">Abogados en crisis --</subfield>
    <subfield code="t">Abogados y prostitutas --</subfield>
    <subfield code="t">Los desacatados --</subfield>
    <subfield code="t">Sociedad y justicia --</subfield>
    <subfield code="t">Abogados-resuelve --</subfield>
    <subfield code="t">Hay jueces corruptos --</subfield>
    <subfield code="t">Fiscal&#xED;a y corrupci&#xF3;n --</subfield>
    <subfield code="t">Abogados-notarios en acci&#xF3;n --</subfield>
    <subfield code="t">Injurias abogadiles --</subfield>
    <subfield code="t">Abogados proletarizados --</subfield>
    <subfield code="t">!Abogados&#xA1; &#xBF;abogados? --</subfield>
    <subfield code="t">Colegas-abogados indignos --</subfield>
    <subfield code="t">Potencialidades del abogado --</subfield>
    <subfield code="t">Abogados ilusos --</subfield>
    <subfield code="t">Abogados marrulleros --</subfield>
    <subfield code="t">Abogados y notarios juntos --</subfield>
    <subfield code="t">Pobre poder judicial --</subfield>
    <subfield code="t">&#xBF;Fiscal o activista pol&#xED;tico? --</subfield>
    <subfield code="t">La ley de la necesidad --</subfield>
    <subfield code="t">Sociedad y delincuencia --</subfield>
    <subfield code="t">Respetemos la ley --</subfield>
    <subfield code="t">Ley y autoridades --</subfield>
    <subfield code="t">La ilegalidad mal legalizada --</subfield>
    <subfield code="t">La venganza privada --</subfield>
    <subfield code="t">La justicia dominicana a la deriva --</subfield>
    <subfield code="t">La funci&#xF3;n del abogado --</subfield>
    <subfield code="t">&#xBF;Justicia?: &#xA1;corrupci&#xF3;n! --</subfield>
    <subfield code="t">Abogados al grito.</subfield>
  </datafield>
  <datafield tag="590" ind1=" " ind2=" ">
    <subfield code="a">Inventariado, 2018/MFF</subfield>
  </datafield>
  <datafield tag="650" ind1=" " ind2="4">
    <subfield code="a">Abogados</subfield>
    <subfield code="x">&#xC9;tica profesional</subfield>
    <subfield code="9">840</subfield>
  </datafield>
  <datafield tag="650" ind1=" " ind2="4">
    <subfield code="a">Abogados</subfield>
    <subfield code="x">Responsabilidad profesional</subfield>
    <subfield code="9">841</subfield>
  </datafield>
  <datafield tag="910" ind1=" " ind2=" ">
    <subfield code="a">Validado. Control de calidad MMOLINA</subfield>
  </datafield>
  <datafield tag="942" ind1=" " ind2=" ">
    <subfield code="2">ddc</subfield>
    <subfield code="c">LBS1</subfield>
  </datafield>
  <datafield tag="952" ind1=" " ind2=" ">
    <subfield code="0">0</subfield>
    <subfield code="1">0</subfield>
    <subfield code="2">ddc</subfield>
    <subfield code="5">6</subfield>
    <subfield code="7">5</subfield>
    <subfield code="8">DS</subfield>
    <subfield code="a">BNPHU</subfield>
    <subfield code="b">BNPHU</subfield>
    <subfield code="c">HD</subfield>
    <subfield code="d">2013-07-15</subfield>
    <subfield code="l">0</subfield>
    <subfield code="o">BNPHU DS 174.3 C577f</subfield>
    <subfield code="p">255-40</subfield>
    <subfield code="r">2020-06-25</subfield>
    <subfield code="t">e. 4</subfield>
    <subfield code="w">2020-06-25</subfield>
    <subfield code="y">LF1</subfield>
  </datafield>
  <datafield tag="952" ind1=" " ind2=" ">
    <subfield code="0">0</subfield>
    <subfield code="1">0</subfield>
    <subfield code="2">ddc</subfield>
    <subfield code="5">6</subfield>
    <subfield code="7">5</subfield>
    <subfield code="8">DS</subfield>
    <subfield code="a">BNPHU</subfield>
    <subfield code="b">BNPHU</subfield>
    <subfield code="c">HD</subfield>
    <subfield code="d">2009-06-24</subfield>
    <subfield code="e">035379</subfield>
    <subfield code="l">0</subfield>
    <subfield code="o">BNPHU DS 174.3 C577f</subfield>
    <subfield code="p">255-30</subfield>
    <subfield code="r">2020-06-25</subfield>
    <subfield code="t">e. 3</subfield>
    <subfield code="w">2020-06-25</subfield>
    <subfield code="y">LF1</subfield>
  </datafield>
  <datafield tag="952" ind1=" " ind2=" ">
    <subfield code="0">0</subfield>
    <subfield code="1">0</subfield>
    <subfield code="2">ddc</subfield>
    <subfield code="5">3</subfield>
    <subfield code="7">2</subfield>
    <subfield code="8">PD</subfield>
    <subfield code="a">BNPHU</subfield>
    <subfield code="b">BNPHU</subfield>
    <subfield code="c">HD</subfield>
    <subfield code="d">2009-06-24</subfield>
    <subfield code="e">035380</subfield>
    <subfield code="l">0</subfield>
    <subfield code="o">BNPHU PD 174.3 C577f</subfield>
    <subfield code="p">255-20</subfield>
    <subfield code="r">2020-06-25</subfield>
    <subfield code="t">e. 2</subfield>
    <subfield code="w">2020-06-25</subfield>
    <subfield code="y">LBS1</subfield>
  </datafield>
  <datafield tag="952" ind1=" " ind2=" ">
    <subfield code="0">0</subfield>
    <subfield code="1">0</subfield>
    <subfield code="2">ddc</subfield>
    <subfield code="5">1</subfield>
    <subfield code="7">1</subfield>
    <subfield code="8">PD</subfield>
    <subfield code="a">BNPHU</subfield>
    <subfield code="b">BNPHU</subfield>
    <subfield code="c">HD</subfield>
    <subfield code="d">2009-06-24</subfield>
    <subfield code="e">037699</subfield>
    <subfield code="l">0</subfield>
    <subfield code="o">BNPHU PD 174.3 C577f</subfield>
    <subfield code="p">255-10</subfield>
    <subfield code="r">2020-06-25</subfield>
    <subfield code="w">2020-06-25</subfield>
    <subfield code="y">LBS1</subfield>
  </datafield>
  <datafield tag="952" ind1=" " ind2=" ">
    <subfield code="0">0</subfield>
    <subfield code="1">0</subfield>
    <subfield code="2">ddc</subfield>
    <subfield code="5">6</subfield>
    <subfield code="7">0</subfield>
    <subfield code="8">MO</subfield>
    <subfield code="a">GR</subfield>
    <subfield code="b">BNPHU</subfield>
    <subfield code="c">HD</subfield>
    <subfield code="d">2020-10-29</subfield>
    <subfield code="e">Dom&#xED;nico Americano </subfield>
    <subfield code="l">0</subfield>
    <subfield code="o">BNPHU DS 174.3 C577f</subfield>
    <subfield code="p">2021-1379</subfield>
    <subfield code="r">2020-10-29</subfield>
    <subfield code="t">e. 5</subfield>
    <subfield code="w">2020-10-29</subfield>
    <subfield code="y">LBS1</subfield>
  </datafield>
  <datafield tag="999" ind1=" " ind2=" ">
    <subfield code="c">255</subfield>
    <subfield code="d">255</subfield>
  </datafield>
</record>
